|
|
|
|
| LEADER |
00749nam a2200205 i 4500 |
| 001 |
misc60340 |
| 005 |
20210809133340.0 |
| 008 |
210809s1896 hu o 0|| hun d |
| 040 |
|
|
|a SZTE Miscellanea Repozitórium
|b hun
|
| 041 |
|
|
|a hun
|
| 245 |
0 |
0 |
|a Évkönyv
|h [elektronikus dokumentum] :
|b 1895
|
| 260 |
|
|
|a Dugonics Társaság
|b Szeged
|c 1896
|
| 300 |
|
|
|a LIX, 250 p.
|
| 490 |
0 |
|
|a Dugonics-Társaság könyvei
|v 3.
|
| 650 |
|
4 |
|a Bölcsészettudományok
|
| 650 |
|
4 |
|a Nyelvek és irodalom
|
| 650 |
|
4 |
|a Általános irodalomtudományok
|
| 695 |
|
|
|a Irodalmi társaság - magyar - Szeged - évkönyv, Művelődéstörténet - Szeged - tanulmányok
|
| 700 |
0 |
1 |
|a Békefi Antal
|
| 856 |
4 |
0 |
|u http://misc.bibl.u-szeged.hu/60340/1/xb_214791.pdf
|z Dokumentum-elérés
|